English skills with readings
Αποθηκεύτηκε σε:
| Κύριος συγγραφέας: | |
|---|---|
| Μορφή: | Βιβλίο |
| Γλώσσα: | English |
| Δημοσίευση: |
New York :
McGraw-Hill,
2012
|
| Έκδοση: | 8th ed. |
| Θέματα: | |
| Ετικέτες: |
Προσθήκη ετικέτας
Δεν υπάρχουν, Καταχωρήστε ετικέτα πρώτοι!
|
MARC
| LEADER | 00000nam a2200000 i 4500 | ||
|---|---|---|---|
| 001 | 1/25492 | ||
| 008 | 130206r20121988 eng d | ||
| 020 | |a 978-0-07-131576-0 | ||
| 035 | |l 10113652 | ||
| 040 | |a GR-MY-UA |b gre |e aacr | ||
| 041 | 0 | |a eng | |
| 082 | 0 | |a 428.40711 |2 (22) | |
| 100 | 1 | |a Langan, John. | |
| 245 | 1 | 0 | |a English skills with readings / |c John Langan |
| 250 | |a 8th ed. | ||
| 260 | |a New York : |b McGraw-Hill, |c 2012 | ||
| 300 | |a xxvi, 790 σ.; |c 24 εκ. | ||
| 650 | 0 | 0 | |a Reading (Higher education) |
| 650 | 0 | 0 | |a English language |x Study and teaching (Higher) |x Foreign speakers. |
| 852 | |a INST |b SAMOS |e 20130206 |h 428.40711 LAN |p 005300033461 |q 005300033461 |t BK |y 0 | ||
| 901 | |a BIBL3-2013-1 | ||
| 909 | |a Σ |b 177729 | ||
| 922 | |a 3ΕΛΗ |b 2012-10 |c ΒΙΒΛΙΟΘΗΚΗ |d BEST BOOK HUNTERS | ||
| 970 | |a ΓΟΥΒΑΛΑ |b ΒΑΣΩ |z 2013/02/06 | ||